000 00457nam a2200181Ia 4500
001 11597
005 20260306162839.0
008 260306t2014||||xx |||||||||||||| ||spa||
041 _aESP
082 _a985.4
_bP43
100 _aEguiluz Mendez, Percy
_eAUT
245 0 _aTres haciendas y un pueblo:
_bhistoria agraria del distrito de punta de bombón
260 _c2014
300 _a
_c
650 _aGEN
654 _aCHU
942 _cLIB
_dJUS
_fJUS
_2ddc
_n
999 _c11597
_d11597